[Event "Bay Area International"]
[Site "?"]
[Date "2014.01.02"]
[Round "1"]
[White "Ashe, Brandon"]
[Black "Yang, Darwin"]
[Result "0-1"]
[WhiteElo "2193"]
[BlackElo "2463"]
[PlyCount "120"]
[EventDate "2014.??.??"]

1. e4 e5 2. Nf3 Nc6 3. Nc3 Nf6 4. Bb5 d6 5. d4 exd4 6. Nxd4 Bd7 7. Bf4 Be7 8.
O-O O-O 9. Re1 g6 10. Nxc6 bxc6 11. Be2 Ne8 12. Qd2 Ng7 13. Rad1 Re8 14. Na4
Bf6 15. Bf3 Ne6 16. Be3 Ng5 17. Bf4 Nxf3+ 18. gxf3 Be6 19. b3 Bg7 20. Bg5 Qc8
21. Qa5 Bg4 22. Rd3 Bh5 23. Kg2 f5 24. Bf4 h6 25. Nc3 g5 26. Bd2 fxe4 27. Nxe4
Bg6 28. Rde3 g4 29. fxg4 Qxg4+ 30. Ng3 Rxe3 31. Rxe3 Rf8 32. Bc3 Qf4 33. Be1
Bd4 34. Re2 h5 35. Qd2 h4 36. Qxf4 Rxf4 37. Bd2 Rf6 38. Bg5 hxg3 39. Bxf6 Bxf6
40. hxg3 Kf7 41. f4 d5 42. g4 Be4+ 43. Kg3 c5 44. c4 c6 45. Rxe4 dxe4 46. Kf2
Bd4+ 47. Ke2 Ke7 48. Kd2 Kd7 49. Ke2 Kc7 50. Kd2 Kb6 51. Ke2 Ka5 52. a3 Bb2 53.
Ke3 Bxa3 54. f5 Bb2 55. Kxe4 Kb4 56. g5 Bc1 57. g6 Bb2 58. Kf4 Bf6 59. Kg4 Kxb3
60. Kh5 a5 0-1

[Event "Bay Area International"]
[Site "?"]
[Date "2014.01.02"]
[Round "1"]
[White "Beilin, Allan"]
[Black "de Guzman, Ricardo"]
[Result "1/2-1/2"]
[WhiteElo "2054"]
[BlackElo "2409"]
[PlyCount "141"]
[EventDate "2014.??.??"]

1. Nf3 d5 2. c4 c6 3. cxd5 cxd5 4. d4 Nc6 5. Nc3 Nf6 6. Bf4 a6 7. e3 g6 8. Ne5
Nh5 9. Nxc6 bxc6 10. Be5 f6 11. Bg3 Nxg3 12. hxg3 Qb6 13. Qd2 e5 14. Be2 Rb8
15. b3 Qa5 16. O-O Bb4 17. Rac1 Bf5 18. g4 Be6 19. Qc2 Ba3 20. Rcd1 Kf7 21. Na4
Rhc8 22. f4 exf4 23. exf4 Kg7 24. Nc5 Bxc5 25. dxc5 Re8 26. Rd4 Qc7 27. Bxa6
Bxg4 28. Bd3 Re3 29. f5 Qg3 30. fxg6 hxg6 31. Qf2 Qxf2+ 32. Kxf2 Rbe8 33. Bxg6
Kxg6 34. Rxg4+ Kf7 35. Kg1 R8e4 36. Rgf4 Rxf4 37. Rxf4 Re1+ 38. Rf1 Re2 39. Ra1
Rb2 40. a4 Rxb3 41. a5 Rb8 42. a6 Ke6 43. a7 Ra8 44. Ra6 Ke5 45. Kf2 d4 46. Ke2
Kd5 47. Kd3 Kxc5 48. Ra4 Kb5 49. Rxd4 Rxa7 50. Rf4 Rd7+ 51. Kc3 Rd6 52. Rf5+ c5
53. g4 Re6 54. g5 fxg5 55. Rxg5 Re3+ 56. Kc2 Kb4 57. Rg8 Rh3 58. Rf8 Rg3 59.
Rh8 Rf3 60. Rg8 Rf2+ 61. Kc1 Rf4 62. Rg3 Kc4 63. Kc2 Kd4 64. Rh3 Re4 65. Rh8
Re2+ 66. Kc1 Kd3 67. Rh3+ Kd4 68. Rh4+ Kc3 69. Rh3+ Kb4 70. Rh4+ c4 71. Rh3
1/2-1/2

[Event "Bay Area International"]
[Site "?"]
[Date "2014.01.02"]
[Round "1"]
[White "Bregadze, Levan"]
[Black "Cao, Jason"]
[Result "1-0"]
[WhiteElo "2417"]
[BlackElo "2151"]
[PlyCount "89"]
[EventDate "2014.??.??"]

1. e4 c5 2. b3 d6 3. Bb5+ Bd7 4. Bxd7+ Qxd7 5. Bb2 Nf6 6. d3 g6 7. Nc3 Bg7 8.
Nd5 O-O 9. Nxf6+ exf6 10. Ne2 Nc6 11. O-O f5 12. Bxg7 Kxg7 13. Qd2 Rad8 14. Ng3
fxe4 15. dxe4 Qe7 16. f4 Qf6 17. c3 Qe7 18. f5 f6 19. fxg6 hxg6 20. Rf4 Ne5 21.
Raf1 b5 22. h4 Qe6 23. h5 g5 24. Rf5 a5 25. Qe2 b4 26. h6+ Kh7 27. cxb4 axb4
28. Nh5 Nd7 29. Qf3 Kg6 30. Nf4+ gxf4 31. Qg4+ Kf7 32. Qg7+ Ke8 33. h7 Qf7 34.
h8=Q Rxh8 35. Qxh8+ Ke7 36. Qh4 Rg8 37. R5xf4 Qg7 38. Qh3 Ne5 39. Rh4 Qg6 40.
Rh7+ Nf7 41. Rf4 Qg5 42. Qf3 Qg6 43. Rfh4 Qg5 44. e5 Ke6 45. exf6 1-0

[Event "Bay Area International"]
[Site "?"]
[Date "2014.01.02"]
[Round "1"]
[White "Bryant, John"]
[Black "Mackenzie, Dana"]
[Result "1-0"]
[WhiteElo "2410"]
[BlackElo "2068"]
[PlyCount "75"]
[EventDate "2014.??.??"]

1. e4 e5 2. Nf3 Nc6 3. Bc4 Nf6 4. d3 Be7 5. Bb3 O-O 6. O-O d6 7. c3 Bg4 8. Re1
Qd7 9. Nbd2 Kh8 10. Nf1 Ng8 11. Ng3 h5 12. h3 h4 13. hxg4 hxg3 14. g5 Qg4 15.
fxg3 d5 16. exd5 Bc5+ 17. Be3 Bxe3+ 18. Rxe3 Nce7 19. Re4 Qxg3 20. Rh4+ Nh6 21.
Qe1 Qxe1+ 22. Rxe1 Nef5 23. Rh3 f6 24. gxh6 g5 25. g4 Nd6 26. Nd2 f5 27. Rxe5
fxg4 28. Rg3 Rf4 29. Rxg5 Re8 30. R5xg4 Re1+ 31. Kh2 Rf2+ 32. Rg2 Rf6 33. Ne4
Rxh6+ 34. Kg3 Nf5+ 35. Kf4 Ne7 36. d6 Rf1+ 37. Ke3 Nf5+ 38. Ke2 1-0

[Event "Bay Area International"]
[Site "?"]
[Date "2014.01.02"]
[Round "1"]
[White "Chevannes, Sabrina"]
[Black "Esserman, Marc"]
[Result "0-1"]
[WhiteElo "2176"]
[BlackElo "2447"]
[PlyCount "64"]
[EventDate "2014.??.??"]

1. Nf3 f5 2. d4 Nf6 3. c4 g6 4. Nc3 Bg7 5. h4 O-O 6. e4 fxe4 7. Ng5 c6 8. h5 d5
9. hxg6 hxg6 10. Be2 Qc7 11. Be3 a6 12. Qb3 e6 13. Qa3 Re8 14. O-O-O b5 15. Rh4
Qe7 16. c5 Nbd7 17. Rdh1 e5 18. Nh7 Nxh7 19. Rxh7 Nf8 20. Rxg7+ Qxg7 21. dxe5
Qxe5 22. Qb3 Ne6 23. Rd1 Kg7 24. Bg4 d4 25. Bxe6 dxe3 26. Bxc8 Raxc8 27. fxe3
Qxc5 28. Rd7+ Re7 29. Qe6 Rce8 30. Qxe4 Rxd7 31. Qxe8 Re7 32. Qd8 b4 0-1

[Event "Bay Area International"]
[Site "?"]
[Date "2014.01.02"]
[Round "1"]
[White "Cornejo, Max"]
[Black "Banik, Siddharth"]
[Result "1-0"]
[WhiteElo "2365"]
[BlackElo "2002"]
[PlyCount "63"]
[EventDate "2014.??.??"]

1. e4 c5 2. Nf3 d6 3. d4 cxd4 4. Qxd4 a6 5. h3 Nc6 6. Qe3 Nf6 7. c4 g6 8. Be2
Bg7 9. O-O O-O 10. Nc3 Nd7 11. Rb1 Nc5 12. b4 Ne6 13. Rd1 a5 14. b5 Ne5 15.
Nxe5 Bxe5 16. Nd5 Nc5 17. f4 Bg7 18. Bf3 Be6 19. e5 Rc8 20. b6 Kh8 21. Ba3 Bxd5
22. Rxd5 Qd7 23. Bxc5 Rxc5 24. Qxc5 Qf5 25. Qb5 Qxf4 26. exd6 exd6 27. Rbd1 Be5
28. Rxe5 dxe5 29. Bxb7 Rb8 30. Qd5 Qe3+ 31. Kh1 Qxb6 32. Qxe5+ 1-0

[Event "Bay Area International"]
[Site "?"]
[Date "2014.01.02"]
[Round "1"]
[White "Evans, Bela"]
[Black "Friedel, Josh"]
[Result "0-1"]
[WhiteElo "2243"]
[BlackElo "2490"]
[PlyCount "74"]
[EventDate "2014.??.??"]

1. d4 Nf6 2. Nf3 e6 3. e3 b6 4. Be2 Bb7 5. O-O d5 6. b3 Bd6 7. Bb2 O-O 8. Nbd2
Qe7 9. c4 c5 10. Rc1 Nbd7 11. Ne5 cxd4 12. exd4 Rfd8 13. Qc2 Rac8 14. Rfd1 dxc4
15. bxc4 Ba3 16. Nef3 Bxb2 17. Qxb2 Nf8 18. Ne5 N6d7 19. Ndf3 Nxe5 20. Nxe5 Ng6
21. Nxg6 hxg6 22. Qb3 Rxd4 23. Rxd4 Qg5 24. g3 Qxc1+ 25. Rd1 Qg5 26. Rd7 Be4
27. f3 Bc6 28. Rxa7 Qc5+ 29. Kf1 Rd8 30. Qa3 Qe5 31. Qc1 g5 32. Kf2 g4 33. Qe3
Qh5 34. Qxb6 Qxh2+ 35. Ke1 Qxg3+ 36. Qf2 Qf4 37. Qb6 Qd2+ 0-1

[Event "Bay Area International"]
[Site "?"]
[Date "2014.01.02"]
[Round "1"]
[White "Hendrickson, Nolan"]
[Black "Kiewra, Keaton"]
[Result "0-1"]
[WhiteElo "2145"]
[BlackElo "2413"]
[PlyCount "66"]
[EventDate "2014.??.??"]

1. e4 c5 2. Nc3 a6 3. f4 b5 4. Nf3 Bb7 5. d3 e6 6. g4 b4 7. Ne2 d5 8. e5 h5 9.
gxh5 Rxh5 10. Ng3 Rh8 11. f5 exf5 12. Nxf5 Qd7 13. Ng3 Ne7 14. Bg2 Nbc6 15. O-O
Ng6 16. Bg5 Ncxe5 17. Nxe5 Nxe5 18. Qe2 Bd6 19. Nh5 Kf8 20. Nxg7 Kxg7 21. Bf6+
Kg8 22. Bxh8 Kxh8 23. Rf6 Kg7 24. Raf1 Rf8 25. Qf2 Ng6 26. h4 Be5 27. h5 Bd4
28. hxg6 Qg4 29. gxf7 Bc8 30. c3 Bxf2+ 31. R1xf2 bxc3 32. bxc3 Be6 33. R2f4 Qg5
0-1

[Event "Bay Area International"]
[Site "?"]
[Date "2014.01.02"]
[Round "1"]
[White "Hernandez, Holden"]
[Black "Shiqun, Ni"]
[Result "1-0"]
[WhiteElo "2545"]
[BlackElo "2299"]
[PlyCount "109"]
[EventDate "2014.??.??"]

1. d4 Nf6 2. c4 g6 3. Nc3 d5 4. Nf3 Bg7 5. Qb3 dxc4 6. Qxc4 O-O 7. e4 a6 8. Qb3
b5 9. Be2 c5 10. dxc5 Be6 11. Qc2 Nbd7 12. Be3 Rc8 13. Rd1 Qa5 14. c6 Rxc6 15.
Nd4 Rd6 16. O-O Rc8 17. Nxe6 Rxe6 18. f3 Rec6 19. a3 Ne5 20. Bd4 Nc4 21. e5 Nd7
22. Nd5 Qd8 23. Qe4 a5 24. f4 e6 25. Ne3 Qe7 26. Nxc4 bxc4 27. Qc2 Nb6 28. Bf3
Nd5 29. Qa4 Qc7 30. Rf2 Bf8 31. Kh1 Bc5 32. Bxd5 exd5 33. h3 Rd8 34. Rfd2 Bxd4
35. Rxd4 Rc5 36. R1d2 Qb7 37. Kh2 Kg7 38. Qd1 Rb5 39. Qe2 Rb8 40. f5 Rxb2 41.
f6+ Kf8 42. Rxb2 Qxb2 43. Qe3 Rd8 44. e6 Qb8+ 45. g3 fxe6 46. Qh6+ Ke8 47. Qg7
Qb2+ 48. Kh1 Qc1+ 49. Kg2 Qb2+ 50. Kf1 Qc1+ 51. Ke2 Qc2+ 52. Rd2 Qe4+ 53. Kf2
Qf5+ 54. Kg2 Qe4+ 55. Kh2 1-0

[Event "Bay Area International"]
[Site "?"]
[Date "2014.01.02"]
[Round "1"]
[White "Ipatov, Alexander"]
[Black "Vibbert, Sean"]
[Result "1/2-1/2"]
[WhiteElo "2615"]
[BlackElo "2333"]
[PlyCount "175"]
[EventDate "2014.??.??"]

1. c4 c5 2. g3 Nf6 3. Bg2 Nc6 4. Nf3 d5 5. cxd5 Nxd5 6. Nc3 Nc7 7. O-O e5 8. d3
Be7 9. Nd2 Be6 10. Nc4 Nd5 11. Qb3 Nb6 12. Be3 O-O 13. Bxc6 bxc6 14. Ne4 Qd5
15. Ncd2 Nd7 16. Rfc1 Rfb8 17. Qc2 f5 18. Nc3 Qd6 19. Na4 Bd5 20. f3 Rb5 21. b3
h5 22. Qd1 h4 23. gxh4 Bxh4 24. Kh1 Kf7 25. Nc3 Rbb8 26. Nde4 fxe4 27. dxe4 Rh8
28. exd5 Bg3 29. Ne4 Rxh2+ 30. Kg1 Qg6 31. Ng5+ Kg8 32. dxc6 Qh5 33. Qd5+ Kh8
34. f4 Nf6 35. Qf3 exf4 36. c7 Qxf3 37. Nxf3 Rxe2 38. Bxc5 Rc8 39. Kf1 Ree8 40.
Bxa7 Nd5 41. a4 Nxc7 42. b4 Nd5 43. Rxc8 Rxc8 44. Bc5 g5 45. Nxg5 Bh4 46. Nf7+
Kg8 47. Nd6 Rc6 48. a5 Bf6 49. Rd1 Ne3+ 50. Bxe3 fxe3 51. Nf5 Rc4 52. Rd6 Rf4+
53. Ke2 Rxf5 54. a6 Be7 55. a7 Rf2+ 56. Kxe3 Ra2 57. Rd7 Bxb4 58. Rd8+ Kf7 59.
a8=Q Rxa8 60. Rxa8 Bc5+ 61. Ke4 Ke6 62. Ra6+ Kd7 63. Kd5 Bf2 64. Rf6 Bg3 65.
Rf7+ Kd8 66. Rh7 Bf4 67. Kc6 Bg3 68. Rd7+ Ke8 69. Ra7 Kd8 70. Rd7+ Ke8 71. Rd3
Bh2 72. Kd5 Ke7 73. Re3+ Kd7 74. Rh3 Bf4 75. Rh7+ Kd8 76. Rh4 Bg3 77. Rg4 Bh2
78. Kc6 Ke7 79. Re4+ Kf6 80. Kd5 Bb8 81. Re6+ Kf7 82. Rb6 Bh2 83. Ke4 Ke7 84.
Rh6 Bg3 85. Kd5 Bf4 86. Rh4 Bg3 87. Rg4 Bh2 88. Re4+ 1/2-1/2

[Event "Bay Area International"]
[Site "?"]
[Date "2014.01.02"]
[Round "1"]
[White "Ishkhanov, Tigran"]
[Black "Shankland, Sam"]
[Result "0-1"]
[WhiteElo "2314"]
[BlackElo "2602"]
[PlyCount "72"]
[EventDate "2014.??.??"]

1. d4 Nf6 2. c4 g6 3. Nc3 d5 4. Nf3 Bg7 5. Qb3 dxc4 6. Qxc4 O-O 7. e4 Be6 8. d5
Bc8 9. Be2 c6 10. O-O cxd5 11. exd5 e6 12. d6 Nbd7 13. Bg5 h6 14. Bxf6 Bxf6 15.
Rfd1 a6 16. a4 b6 17. Qe4 Rb8 18. Qe3 Bg7 19. b4 Bb7 20. Rac1 Rc8 21. h3 Nf6
22. Ne5 Rxc3 23. Qxc3 Nd5 24. Qg3 Qxd6 25. Nc4 Qxg3 26. fxg3 Nc3 27. Rd2 Rc8
28. Bf1 b5 29. axb5 axb5 30. Rd7 Bd5 31. Rxc3 Bxc3 32. Nd6 Bd4+ 33. Kh2 Rc1 34.
Bxb5 Bg1+ 35. Kh1 Bf2+ 36. Kh2 Rg1 0-1

[Event "Bay Area International"]
[Site "?"]
[Date "2014.01.02"]
[Round "1"]
[White "Liou, Yian"]
[Black "Byambaa, Uyanga"]
[Result "1-0"]
[WhiteElo "2391"]
[BlackElo "2028"]
[PlyCount "95"]
[EventDate "2014.??.??"]

1. e4 c5 2. Nf3 d6 3. d4 cxd4 4. Qxd4 Nc6 5. Bb5 Bd7 6. Qd3 Nf6 7. c4 g6 8. Nc3
Bg7 9. O-O O-O 10. h3 a6 11. Bxc6 bxc6 12. Bg5 Qc7 13. Rad1 Be6 14. Nd4 Bc8 15.
Qe3 a5 16. b3 Re8 17. Bh6 Ba6 18. Bxg7 Kxg7 19. Rfe1 Nd7 20. Qg5 Nc5 21. h4 Bc8
22. e5 dxe5 23. Qxe5+ Qxe5 24. Rxe5 Nd7 25. Re2 Ra6 26. Na4 Kf8 27. Red2 e5 28.
Ne2 Ra7 29. Rd6 Rc7 30. Nc1 e4 31. Ne2 Ne5 32. Nf4 Bg4 33. R1d2 h6 34. Nc5 Kg7
35. Ne2 Nd3 36. Nxd3 exd3 37. Nf4 g5 38. hxg5 Re1+ 39. Kh2 hxg5 40. Nxd3 Ra1
41. Ne5 Bf5 42. Nxc6 Rc8 43. Kg3 Rh8 44. Ne7 Be6 45. f3 Rg1 46. Rd1 Rhh1 47.
Rxg1 Rxg1 48. Ra6 1-0

[Event "Bay Area International"]
[Site "?"]
[Date "2014.01.02"]
[Round "1"]
[White "Macieja, Bartlomiej"]
[Black "Remlinger, Larry"]
[Result "1-0"]
[WhiteElo "2583"]
[BlackElo "2304"]
[PlyCount "95"]
[EventDate "2014.??.??"]

1. e4 e6 2. d4 d5 3. Nc3 Nc6 4. e5 f6 5. Bb5 Bd7 6. Nf3 Qe7 7. Bf4 O-O-O 8. Qd2
Qf7 9. h4 h5 10. a3 Nh6 11. O-O-O Nf5 12. g3 Be7 13. Rhe1 Rhe8 14. Bf1 Kb8 15.
Bh3 a6 16. Qd3 Bc8 17. Na4 Bf8 18. Re2 fxe5 19. Nxe5 Nxe5 20. Bxe5 g6 21. Nb6
Ka7 22. Nxc8+ Rxc8 23. Kb1 Qd7 24. c4 dxc4 25. Qxc4 c5 26. d5 exd5 27. Rxd5 Qf7
28. Rc2 Qe6 29. Bxf5 gxf5 30. Qd3 Rc6 31. Bf4 Bg7 32. Be3 Bd4 33. Qxf5 Qxf5 34.
Rxf5 Bxe3 35. fxe3 Rxe3 36. Rc3 Rce6 37. Rxh5 Rxc3 38. bxc3 Re3 39. Rg5 Rxc3
40. h5 Rf3 41. g4 Rh3 42. Rxc5 Rh2 43. Rf5 Kb6 44. Rf6+ Kb5 45. h6 Ka4 46. g5
Kxa3 47. Rf3+ Kb4 48. Rg3 1-0

[Event "Bay Area International"]
[Site "?"]
[Date "2014.01.02"]
[Round "1"]
[White "Piasetski, Leon"]
[Black "Mikhalevski, Victor"]
[Result "0-1"]
[WhiteElo "2289"]
[BlackElo "2536"]
[PlyCount "67"]
[EventDate "2014.??.??"]

1. Nf3 Nf6 2. c4 b6 3. g3 Bb7 4. Bg2 e6 5. O-O Be7 6. Nc3 O-O 7. d4 Ne4 8. Qc2
Nxc3 9. Qxc3 Be4 10. b3 f5 11. Bb2 Bf6 12. Rad1 d6 13. Ne1 Qd7 14. Qd2 a5 15.
Bxe4 fxe4 16. Qe3 d5 17. f3 dxc4 18. Qxe4 Na6 19. bxc4 Rad8 20. Qc2 Nb4 21. Qb3
c5 22. e3 a4 23. Qa3 e5 24. d5 e4 25. fxe4 Qg4 26. Bxf6 Rxf6 27. Rxf6 Qxd1 28.
Rf1 Rf8 29. Nf3 Qe2 30. Rf2 Qxc4 31. Nd2 Qc2 32. Nf3 Qxe4 33. Nd2 Qxd5 34. e4
0-1

[Event "Bay Area International"]
[Site "?"]
[Date "2014.01.02"]
[Round "1"]
[White "Santarius, Erik"]
[Black "Anderson, Michael"]
[Result "1/2-1/2"]
[WhiteElo "2343"]
[BlackElo "1886"]
[PlyCount "82"]
[EventDate "2014.??.??"]

1. d4 f5 2. Nf3 Nf6 3. Bf4 g6 4. e3 Bg7 5. Be2 O-O 6. O-O Kh8 7. c4 d6 8. Nc3
Be6 9. Qc2 Nbd7 10. Rad1 c6 11. h3 Bg8 12. Bh2 a6 13. a4 Rc8 14. b3 b5 15. axb5
cxb5 16. Nd2 Qc7 17. Ra1 b4 18. Nd1 a5 19. Qa2 Ra8 20. c5 Nd5 21. Nc4 f4 22.
cxd6 exd6 23. Qd2 Nc5 24. Qc2 Nb7 25. Bf3 g5 26. Qd3 Nc5 27. dxc5 Bxa1 28. Bxd5
Bxd5 29. Qxd5 Qxc5 30. Qd2 a4 31. exf4 axb3 32. Nce3 gxf4 33. Nd5 Be5 34. Nxb4
Ra4 35. Nd3 Qd4 36. Qe2 Ra2 37. Qf3 Rd2 38. Nxe5 dxe5 39. Qxb3 Rd3 40. Nc3 Rd8
41. Qf7 Qxc3 1/2-1/2

[Event "Bay Area International"]
[Site "?"]
[Date "2014.01.02"]
[Round "1"]
[White "Sevian, Samuel"]
[Black "Wang, Michael"]
[Result "1/2-1/2"]
[WhiteElo "2401"]
[BlackElo "2040"]
[PlyCount "176"]
[EventDate "2014.??.??"]

1. Nf3 Nf6 2. g3 g6 3. Bg2 Bg7 4. O-O d6 5. d3 O-O 6. Nbd2 e5 7. c3 Nc6 8. Qc2
h6 9. b4 a6 10. Bb2 Be6 11. a3 a5 12. e4 Qd7 13. Rfe1 axb4 14. cxb4 Nh7 15.
Rac1 Rfc8 16. h4 h5 17. Nc4 b5 18. Ne3 Nd4 19. Nxd4 exd4 20. Nd5 Qd8 21. Nf4 c6
22. Nxe6 fxe6 23. Qb3 Qd7 24. Bh3 Nf8 25. f4 Kh8 26. Re2 Ra6 27. Qd1 c5 28.
bxc5 Rxc5 29. Rxc5 dxc5 30. e5 c4 31. dxc4 d3 32. Re4 Qa7+ 33. c5 Qxc5+ 34. Kf1
Qc2 35. Qxc2 dxc2 36. Rd4 Rc6 37. Bc1 Rc3 38. Kf2 Kg8 39. Bf1 Rc5 40. Bd3 Kf7
41. Ke2 Bh6 42. Rb4 Nd7 43. Rxb5 Rxb5 44. Bxb5 Nc5 45. Bc4 Bf8 46. Ke3 Be7 47.
Kd4 Kg7 48. Ke3 Kf7 49. Kf3 Kg7 50. a4 Nxa4 51. Bxe6 Nc5 52. Bc4 Bd8 53. Ke2
Ne4 54. Kf3 Nc5 55. Kg2 Be7 56. Be3 Kf8 57. Kh3 Kg7 58. g4 Ne4 59. gxh5 Ba3 60.
hxg6 c1=Q 61. Bxc1 Bxc1 62. Kg4 Nc5 63. h5 Ne4 64. f5 Nf6+ 65. exf6+ Kxf6 66.
Kf3 Bh6 67. Ke4 Bf8 68. Be2 Bg7 69. Bg4 Kg5 70. Kd5 Kf6 71. Ke4 Kg5 72. Bf3 Kf6
73. Bd1 Bh6 74. Bc2 Bg7 75. Kd5 Bh6 76. Kc6 Bg7 77. Bd3 Bh6 78. Kd7 Bg7 79. Bc4
Kxf5 80. Ke7 Kg5 81. Kf7 Kh6 82. Be2 Be5 83. Ke6 Bd4 84. Kd5 Bc3 85. Ke4 Bg7
86. Kf5 Ba1 87. g7 Bxg7 88. Bd3 Kxh5 1/2-1/2

[Event "Bay Area International"]
[Site "?"]
[Date "2014.01.02"]
[Round "1"]
[White "Taghizadeh, Rayan"]
[Black "Abrahamyan, Tatev"]
[Result "1/2-1/2"]
[WhiteElo "1967"]
[BlackElo "2356"]
[PlyCount "83"]
[EventDate "2014.??.??"]

1. e4 e6 2. d4 d5 3. e5 c5 4. c3 Nc6 5. Nf3 Qb6 6. a3 Bd7 7. b4 cxd4 8. cxd4
Rc8 9. Bb2 Na5 10. Nbd2 Nc4 11. Nxc4 dxc4 12. Rc1 Qa6 13. d5 exd5 14. Qxd5 Ne7
15. Qd4 b5 16. Be2 Be6 17. O-O Nd5 18. Ng5 Be7 19. Nxe6 fxe6 20. Bh5+ g6 21.
Bf3 Rd8 22. Bxd5 Rxd5 23. Qf4 Qb6 24. Rcd1 Rf8 25. Qg4 Rxd1 26. Qxd1 Kf7 27.
Qg4 Rd8 28. h4 Rd3 29. h5 c3 30. hxg6+ hxg6 31. Qf4+ Kg7 32. Bc1 g5 33. Qg4 Qd4
34. Qxe6 Qd7 35. Qa2 Qc7 36. Qc2 Qc4 37. Be3 a6 38. Bc5 Bxc5 39. bxc5 Rd2 40.
Qf5 Qf4 41. Qe6 c2 42. Qe7+ 1/2-1/2

[Event "Bay Area International"]
[Site "?"]
[Date "2014.01.02"]
[Round "1"]
[White "Viswanadha, Kesav"]
[Black "Shen, Victor"]
[Result "1-0"]
[WhiteElo "2153"]
[BlackElo "2424"]
[PlyCount "99"]
[EventDate "2014.??.??"]

1. e4 c5 2. Nf3 Nc6 3. d4 cxd4 4. Nxd4 Qc7 5. Nc3 e6 6. Be3 a6 7. Qd2 Nf6 8.
O-O-O Bb4 9. f3 Ne5 10. Nb3 b5 11. Qe1 Be7 12. f4 Ng6 13. e5 Ng4 14. Ne4 Nxe3
15. Qxe3 O-O 16. Nd6 f6 17. Bd3 Rb8 18. Bxg6 hxg6 19. Qd3 g5 20. fxg5 fxe5 21.
g6 Bxd6 22. Qh3 Rf2 23. Qh7+ Kf8 24. Rd2 Qb6 25. Qh8+ Ke7 26. Qxg7+ Kd8 27.
Qh8+ Kc7 28. g7 Bb7 29. Qxb8+ Kxb8 30. g8=Q+ Kc7 31. Qg3 Rf4 32. h4 b4 33. Qg7
e4 34. h5 Rf2 35. h6 e3 36. Rxf2 exf2 37. Qg5 Qb5 38. Qxb5 axb5 39. h7 Be5 40.
Rf1 Bxg2 41. Rxf2 Be4 42. Rh2 Bh8 43. Nc5 Bf5 44. Nd3 Kd6 45. Nxb4 Ke7 46. b3
Kf7 47. a4 bxa4 48. bxa4 Kg7 49. a5 Bxh7 50. Rd2 1-0

[Event "Bay Area International"]
[Site "?"]
[Date "2014.01.02"]
[Round "1"]
[White "Vovsha, Eli"]
[Black "Lobo, Richard"]
[Result "1-0"]
[WhiteElo "2483"]
[BlackElo "2242"]
[PlyCount "49"]
[EventDate "2014.??.??"]

1. e4 e6 2. d4 d5 3. Nc3 Nf6 4. Bg5 Be7 5. e5 Nfd7 6. h4 Nc6 7. Nh3 f6 8. exf6
Bxf6 9. Nf4 Nb6 10. Qh5+ Kd7 11. Qg4 Ke8 12. O-O-O Kf7 13. Bd3 Nxd4 14. Nh5 e5
15. Qg3 Bf5 16. Rhe1 Bg6 17. Rxe5 Nc6 18. Bxf6 gxf6 19. Rf5 Bxf5 20. Qg7+ Ke6
21. Nf4+ Kd6 22. Bxf5 Qf8 23. Rxd5+ Nxd5 24. Qd7+ Ke5 25. Qxd5+ 1-0

[Event "Bay Area International"]
[Site "?"]
[Date "2014.01.02"]
[Round "1"]
[White "Xiong, Jeffery"]
[Black "Roiz, Michael"]
[Result "1/2-1/2"]
[WhiteElo "2331"]
[BlackElo "2614"]
[PlyCount "62"]
[EventDate "2014.??.??"]

1. e4 e5 2. Nf3 Nc6 3. Bb5 a6 4. Ba4 Nf6 5. O-O Be7 6. Re1 b5 7. Bb3 d6 8. c3
O-O 9. d4 Bg4 10. Be3 Bh5 11. Nbd2 Na5 12. Bc2 c5 13. dxc5 dxc5 14. h3 Nd7 15.
Nf1 Nc4 16. Bc1 Re8 17. a4 Ncb6 18. Ng3 Bg6 19. Nf5 Bf8 20. N3h4 Qc7 21. Ne3 c4
22. a5 Nc8 23. Nd5 Qc6 24. Nxg6 hxg6 25. b4 Ne7 26. Nxe7+ Bxe7 27. Be3 Rad8 28.
Qe2 Nf8 29. Rad1 Ne6 30. g3 Ng5 31. Bxg5 Bxg5 1/2-1/2

[Event "Bay Area International"]
[Site "?"]
[Date "2014.01.02"]
[Round "1"]
[White "Yanayt, Eugene"]
[Black "Gerzhoy, Leonid"]
[Result "1/2-1/2"]
[WhiteElo "2223"]
[BlackElo "2481"]
[PlyCount "114"]
[EventDate "2014.??.??"]

1. d4 Nf6 2. c4 g6 3. Nc3 d5 4. Nf3 Bg7 5. Bg5 Ne4 6. cxd5 Nxg5 7. Nxg5 e6 8.
Nf3 exd5 9. e3 a5 10. Be2 c6 11. O-O O-O 12. Ne1 Re8 13. Nd3 Nd7 14. Na4 Bf8
15. Qc2 Bd6 16. a3 Nf6 17. b4 Ng4 18. h3 Nh6 19. Rfb1 axb4 20. axb4 Qg5 21. Kh1
Nf5 22. Bf1 Nxe3 23. Qd2 Bf5 24. Nab2 Rxa1 25. Rxa1 f6 26. Re1 Re4 27. Rxe3
Rxd4 28. b5 Re4 29. bxc6 bxc6 30. Qc1 Rxe3 31. Qxe3 Qxe3 32. fxe3 c5 33. Nf4
Be4 34. Bd3 Bxd3 35. Nfxd3 c4 36. Ne1 f5 37. Kg1 f4 38. Kf2 Bc5 39. Nd1 fxe3+
40. Nxe3 Kf7 41. Ke2 Ke6 42. Nf3 h5 43. Kd2 Bb4+ 44. Kc2 Bc5 45. Kd2 Bb4+ 46.
Ke2 Bc5 47. Nh4 g5 48. Nf3 g4 49. hxg4 hxg4 50. Nxg4 d4 51. Nge5 d3+ 52. Kd2
Kd5 53. Kc3 Bd4+ 54. Nxd4 Kxe5 55. g3 Ke4 56. Kxc4 d2 57. Ne2 Kf3 1/2-1/2

[Event "Bay Area International"]
[Site "?"]
[Date "2014.01.03"]
[Round "2"]
[White "Abrahamyan, Tatev"]
[Black "Prieto, Ernesto"]
[Result "1-0"]
[WhiteElo "2356"]
[BlackElo "2095"]
[PlyCount "71"]
[EventDate "2014.??.??"]

1. e4 e5 2. Nf3 Nc6 3. Bc4 Nf6 4. d3 Bc5 5. O-O d6 6. c3 O-O 7. Nbd2 a6 8. Bb3
Ba7 9. h3 Ne7 10. Re1 Ng6 11. Nf1 Nh5 12. d4 exd4 13. cxd4 Nhf4 14. Ng3 Qf6 15.
Nh5 Nxh5 16. Bg5 Qe6 17. Bxe6 fxe6 18. Rc1 Bb6 19. Be3 d5 20. e5 Bd7 21. Nh2
Nhf4 22. g3 Nxh3+ 23. Kg2 Nxe5 24. Kxh3 Nc4 25. Kg2 Nxb2 26. Qe2 Nc4 27. Nf3
Bc6 28. Rh1 Rae8 29. Qd3 g6 30. Ng5 e5 31. Nxh7 e4 32. Qe2 Rf3 33. Ng5 Ref8 34.
Rh6 Be8 35. Rch1 Nxe3+ 36. fxe3 1-0

[Event "Bay Area International"]
[Site "?"]
[Date "2014.01.03"]
[Round "2"]
[White "Aleskerov, Faik"]
[Black "Ashe, Brandon"]
[Result "1-0"]
[WhiteElo "2331"]
[BlackElo "2193"]
[PlyCount "81"]
[EventDate "2014.??.??"]

1. e4 c5 2. a3 g6 3. h4 h5 4. b4 Bg7 5. Nc3 d6 6. Nf3 Nf6 7. g3 O-O 8. Bg2 Bg4
9. bxc5 dxc5 10. O-O Nc6 11. Qe1 Nd7 12. Rb1 b6 13. Bb2 Nde5 14. Nxe5 Bxe5 15.
Nd5 Bxb2 16. Rxb2 Ne5 17. Rb3 Be6 18. f4 Ng4 19. f5 Bxd5 20. Rd3 Qc7 21. exd5
c4 22. Rd4 Rad8 23. Kh1 Qc5 24. c3 b5 25. fxg6 fxg6 26. Qe6+ Kg7 27. d6 Rxf1+
28. Bxf1 Qe5 29. Qxe7+ Qxe7 30. dxe7 Re8 31. Rd7 Kf6 32. Rxa7 Rxe7 33. Rxe7
Kxe7 34. Kg2 Ne5 35. Kf2 Kf6 36. Be2 Kf5 37. Ke3 Nc6 38. d3 cxd3 39. Bxd3+ Kg4
40. Kf2 Ne7 41. Bxb5 1-0

[Event "Bay Area International"]
[Site "?"]
[Date "2014.01.03"]
[Round "2"]
[White "Betaneli, Alex"]
[Black "Sevian, Samuel"]
[Result "1/2-1/2"]
[WhiteElo "2250"]
[BlackElo "2401"]
[PlyCount "61"]
[EventDate "2014.??.??"]

1. e4 e5 2. Nf3 Nc6 3. Nc3 Nf6 4. d4 exd4 5. Nxd4 Bb4 6. Nxc6 bxc6 7. Bd3 d5 8.
exd5 cxd5 9. O-O O-O 10. h3 h6 11. Qf3 c6 12. Bf4 Bd6 13. Rfe1 Rb8 14. b3 Rb4
15. Bxd6 Qxd6 16. Ne2 Rb7 17. Nd4 c5 18. Nb5 Qd8 19. Rad1 Re7 20. Rxe7 Qxe7 21.
Qe3 Re8 22. Qxe7 Rxe7 23. Kf1 Ba6 24. Nd6 Bxd3+ 25. cxd3 Rd7 26. Nf5 Rb7 27.
Rc1 Rb5 28. Nd6 Rb6 29. Nf5 Rb5 30. Nd6 Rb6 31. Nf5 1/2-1/2

[Event "Bay Area International"]
[Site "?"]
[Date "2014.01.03"]
[Round "2"]
[White "Bregadze, Levan"]
[Black "Hernandez, Holden"]
[Result "1/2-1/2"]
[WhiteElo "2417"]
[BlackElo "2548"]
[PlyCount "102"]
[EventDate "2014.??.??"]

1. Nf3 Nf6 2. c4 b6 3. g3 e6 4. Bg2 Bb7 5. O-O Be7 6. b3 O-O 7. Bb2 Ne4 8. Nc3
f5 9. d3 Nxc3 10. Bxc3 Bf6 11. Qc2 d6 12. b4 Nd7 13. Rab1 a5 14. a3 axb4 15.
axb4 Ra3 16. Rb3 Ra7 17. Qb2 Qa8 18. Bxf6 Nxf6 19. Qc3 e5 20. Nh4 Bxg2 21. Nxg2
Ra2 22. Rb2 Ra1 23. Rbb1 Rxb1 24. Rxb1 Qa2 25. Qb2 Ra8 26. f3 Kf7 27. Ne3 Ke6
28. Kf2 Qxb2 29. Rxb2 c6 30. h3 b5 31. Nc2 Nd7 32. cxb5 cxb5 33. Rb3 Nb6 34.
Na3 Nd5 35. Nxb5 Rb8 36. Nc3 Rxb4 37. Ra3 Nb6 38. Ra7 Rb3 39. Rb7 Rxc3 40. Rxb6
Rc7 41. Rb8 f4 42. gxf4 exf4 43. Rf8 Rf7 44. Rc8 Kf5 45. Rd8 Rf6 46. Rd7 Rg6
47. Rf7+ Ke5 48. d4+ Kxd4 49. Rxf4+ Ke5 50. Rh4 h6 51. Ra4 Rf6 1/2-1/2